=LDR 00000nam 2200000 4500 =001 INLIS000000000030877 =005 20130612133004 =008 ***********************************ind** =035 ##$$0010-061300000030877 =041 ##$$a ind =082 ##$$a 028.55 =090 ##$$a 028.55, Tem n =100 ##$$a Teperiey, Alan =245 ##$$a Harry dan Geng keriput, Alan Temperley; penerjemah, Hidayat Saleh; editor, Poppy Damayanti Chusfani =260 ##$$a 2008 $b Jakarta =300 ##$$a 333 hlm, 20 cm =650 ##$$a Bacaan Anak-anak =850 ##$$a NBPNMAT =990 ##$$a 0001/BPAP-NTB/2016